Capitals of Asia - North to South - Statistics

General Stats
  • This quiz has been taken 23 times
  • The average score is 31 of 48
Answers on the Map
Answers color-coded by a green-red scale on the quiz's map according to % correct below.
 
Answer Stats
Hint Answer % Correct
51.1655° N Astana
100%
47.9221° N Ulaanbaatar
93%
39.9042° N Beijing
86%
42.8746° N Bishkek
86%
38.5598° N Dushanbe
86%
41.2982° N Tashkent
86%
37.9601° N Ashgabat
79%
40.4093° N Baku
79%
41.6938° N Tbilisi
79%
40.1872° N Yerevan
79%
39.0738° N Pyongyang
71%
37.5652° N Seoul
71%
35.7219° N Tehran
71%
35.6764° N Tokyo
71%
39.9334° N Ankara
64%
4.8923° N Bandar Seri Begawan
64%
8.5563° S Dili
64%
6.1944° S Jakarta
64%
34.5553° N Kabul
64%
27.7103° N Kathmandu
64%
3.1390° N Kuala Lumpur
64%
4.1753° N Male
64%
28.6139° N New Delhi
64%
24.4539° N Abu Dhabi
57%
31.9544° N Amman
57%
33.3152° N Baghdad
57%
13.7563° N Bangkok
57%
33.8938° N Beirut
57%
23.8041° N Dhaka
57%
33.6996° N Islamabad
57%
31.7769° N Jerusalem
57%
29.3780° N Kuwait
57%
26.2235° N Manama
57%
23.5880° N Muscat
57%
19.7633° N Naypyidaw
57%
35.1856° N Nicosia
57%
11.5564° N Phnom Penh
57%
15.3545° N Sana'a
57%
1.3521° N Singapore
57%
6.8839° N Sri Jayawardenepura Kotte
57%
27.4716° N Thimphu
57%
17.9757° N Vientiane
57%
33.5132° N Damascus
50%
25.2854° N Doha
50%
21.0278° N Hanoi
50%
14.5995° N Manila
50%
24.7136° N Riyadh
50%
25.0375° N Taipei
50%
No matching quizzes found
Score Distribution
Percent of People with Each Score
Percentile by Number Answered
Your Score History
You have not taken this quiz